00586nam a2200205 a 4500008004100000020001500041050001900056100001800075245001700093246003900110250001200149260003500161300001900196350000900215490003000224650000900254650004500263650004800308700002400356120416s1979 ||||||||||||||||| || u a0394733282 aJS 365.T45 Cro aCrook, Isabel10aTen Mile Inn amass movement in a Chinese village a1st ed. aNew YorkbPantheon Booksc1979 aix, 291p : ill a0.00 aThe Pantheon Asia library aLAND aCOMMUNISM--CHINA--SHILIDIAN(HEBEI SHENG) aLand reform--China--Shilidian (Hebei Sheng) aCrook, David, 1910-